| 000 | 00539nam a2200193Ia 4500 | ||
|---|---|---|---|
| 005 | 20250508163032.0 | ||
| 008 | 008 250505s9999 xx 000 0 eng d | ||
| 037 | _aTextual | ||
| 040 |
_aFEDL _beng _cFEDL |
||
| 041 |
_aeng _2eng |
||
| 084 |
_a822.91, WOO _qFEDL |
||
| 100 | _aShaw George Bernard | ||
| 245 | 0 | _aThree modern plays | |
| 260 |
_aLondon, UK _bMethuen and Co. Ltd. _c1958 |
||
| 300 | _a136p. | ||
| 700 |
_a Barrie J M Version Terence _9774589 |
||
| 942 |
_cTEXL _h822.91, WOO |
||
| 999 |
_c1380411 _d1380411 |
||